Word Ladder: Cheese Quiz Stats

Quiz Updated May 21, 2015

Challenge
Share
Tweet
Embed
Score 0/40 Timer 04:00
3 Plays Today
% Correct
TUES
96.9%
MEAT
95%
A DAY
94.3%
WALT
94.2%
ADAM
94%
AWAY
93.8%
MOAT
93.6%
CUES
93.5%
BACK
93.5%
WALK
93.4%
SEAT
92.8%
BETA
92.2%
TEEN
92%
S.W.A.T.
91.9%
TEES
90.7%
SWAY
90.2%
BALK
88.6%
A LIE
87.4%
FETA
87.4%
ERIE
85.6%
% Correct
JACK
85.5%
WHEN
85%
WELT
83.2%
CUED
81.9%
BELT
81.8%
BELA
81.1%
CURD
77.9%
WREN
77.8%
BRIE
77.2%
ELIE
77%
WHEY
75.4%
TREN
74.7%
SLED
72.3%
BLED
71.7%
SLID
70.3%
GOAT
67.3%
SLIT
66.9%
ALIT
63%
EDAM
61.8%
BLEU
53.3%

Today's Daily Dose

You're not logged in!

Compare scores with friends on all Sporcle quizzes.
Sign Up with Email
OR
Log In

You Might Also Like...

Show Comments

Extras

Top Quizzes Today


Score Distribution

Your Account Isn't Verified!

In order to create a playlist on Sporcle, you need to verify the email address you used during registration. Go to your Sporcle Settings to finish the process.